DISPENSING PHARMACY (Record no. 8158)

MARC details
000 -LEADER
fixed length control field 00332nam a22001577a 4500
003 - CONTROL NUMBER IDENTIFIER
control field SGT
020 ## - INTERNATIONAL STANDARD BOOK NUMBER
International Standard Book Number 978-81-85731-8
082 ## - DEWEY DECIMAL CLASSIFICATION NUMBER
Classification number 165.4, D15M
100 ## - MAIN ENTRY--PERSONAL NAME
Personal name MEHTA, R.M.
245 ## - TITLE STATEMENT
Title DISPENSING PHARMACY
250 ## - EDITION STATEMENT
Edition statement 4TH
260 ## - PUBLICATION, DISTRIBUTION, ETC. (IMPRINT)
Place of publication, distribution, etc DELHI
Name of publisher, distributor, etc VALLABH PARKASHAN
Year of Publication 2015
300 ## - PAGE DESCRIPTION
No. of Pages 384
650 ## - SUBJECT ADDED ENTRY--TOPICAL TERM
Topical term or geographic name as entry element PHARMACY
942 ## - ADDED ENTRY ELEMENTS (KOHA)
Source of classification or shelving scheme Dewey Decimal Classification
Koha item type Books
942 ## - ADDED ENTRY ELEMENTS (KOHA)
-- 57
Holdings
Withdrawn status Lost status Source of classification or shelving scheme Damaged status Not for loan Collection code Home library Current library Shelving location Date acquired Vendor Name Cost, normal purchase price SGTU Bill Number Total Checkouts Full call number Accession No. (Barcode) Date last seen Date last borrowed Bill Date Koha item type Total Renewals
    Dewey Decimal Classification     PHARMACY SGT FA-FP Library SGT FA-FP Library Text Book 14/12/2015 AHUJA BOOK COMPNY 200.00 SGTU 6162 6 165.4, D15M FP1636 09/12/2021 25/11/2021 06/10/2015 Books  
    Dewey Decimal Classification     PHARMACY SGT FA-FP Library SGT FA-FP Library Text Book 14/12/2015 AHUJA BOOK COMPNY 200.00 SGTU 6162 16 165.4, D15M FP1637 03/06/2026 01/06/2026 06/10/2015 Books  
    Dewey Decimal Classification     PHARMACY SGT FA-FP Library SGT FA-FP Library Text Book 14/12/2015 AHUJA BOOK COMPNY 200.00 SGTU 6162 5 165.4, D15M FP1638 19/04/2022 25/03/2022 06/10/2015 Books  
    Dewey Decimal Classification     PHARMACY SGT FA-FP Library SGT FA-FP Library Text Book 14/12/2015 AHUJA BOOK COMPNY 200.00 SGTU 6162 16 165.4, D15M FP1639 16/04/2026 09/04/2026 06/10/2015 Books  
    Dewey Decimal Classification     PHARMACY SGT FA-FP Library SGT FA-FP Library Text Book 14/12/2015 AHUJA BOOK COMPNY 200.00 SGTU 6162 17 165.4, D15M FP1640 09/02/2024 09/02/2024 06/10/2015 Books  
    Dewey Decimal Classification     PHARMACY SGT FA-FP Library SGT FA-FP Library Text Book 14/12/2015 AHUJA BOOK COMPNY 200.00 SGTU 6162 11 165.4, D15M FP1641 26/03/2022 24/03/2022 06/10/2015 Books 1
    Dewey Decimal Classification     PHARMACY SGT FA-FP Library SGT FA-FP Library Text Book 14/12/2015 AHUJA BOOK COMPNY 200.00 SGTU 6162 19 165.4, D15M FP1642 26/10/2023 12/10/2023 06/10/2015 Books  
    Dewey Decimal Classification     PHARMACY SGT FA-FP Library SGT FA-FP Library Text Book 14/12/2015 AHUJA BOOK COMPNY 200.00 SGTU 6162 17 165.4, D15M FP1643 28/03/2022 02/03/2022 06/10/2015 Books 1
    Dewey Decimal Classification     PHARMACY SGT FA-FP Library SGT FA-FP Library Text Book 14/12/2015 AHUJA BOOK COMPNY 200.00 SGTU 6162 12 165.4, D15M FP1644 21/02/2022 21/02/2022 06/10/2015 Books  
    Dewey Decimal Classification     PHARMACY SGT FA-FP Library SGT FA-FP Library Text Book 14/12/2015 AHUJA BOOK COMPNY 200.00 SGTU 6162 13 165.4, D15M FP1645 30/03/2022 24/02/2022 06/10/2015 Books